Geografía regional : teoría y aplicación /
Guardado en:
| Autor Principal: | |
|---|---|
| Formato: | Libro |
| Publicado: |
Buenos Aires :
Estrada,
1977
|
| Edición: | 2a. ed. |
| Materias: | |
| Etiquetas: |
Agregar Etiqueta
Sin Etiquetas, Sea el primero en etiquetar este registro!
|
| LEADER | 00517nam a22001815a 4500 | ||
|---|---|---|---|
| 001 | CEM.cems005419 | ||
| 005 | 20060220000000.0 | ||
| 008 | 130507s1977##################000#0#####d | ||
| 003 | CEMS | ||
| 082 | 0 | 4 | |a 918.2 |
| 100 | 1 | |a Rey Balmaceda, Raul C. | |
| 245 | 1 | 0 | |a Geografía regional : |b teoría y aplicación / |
| 250 | |a 2a. ed. | ||
| 260 | |a Buenos Aires : |b Estrada, |c 1977 | ||
| 300 | |a 190 p. | ||
| 653 | |a Geografia | ||
| 653 | |a Geografia regional argentina | ||
| 859 | |a CEMS |b BIB. CEMS - 11 de abril |h 918.2 |i R329a2 |p 8202.80 |t Ej.1 | ||
